000 00490nam a2200157 i 4500
001 129297
003 ES-MaACL
005 20230906193456.0
007 t|
008 070612s1973 sp ||||1| spa d
100 1 _aTerrades, Ignacio.
_9109771
245 1 0 _aAntropología del campesino catalán.
_nI,
_pDel modo de producción feudal al capitalismo /
_cIgnasi Terrades.
260 _aBarcelona :
_bA. Redondo,
_c[1973]
300 _a1 v. ;
_c18 cm.
852 _aES-MaACL
_jP-131
_bR.87324
999 _c129297
_d129297